| 000 | 00810 a2200241 4500 | ||
|---|---|---|---|
| 999 |
_c2766 _d2766 |
||
| 020 | _a9780415486903 | ||
| 050 | 0 | 0 | _aLB 1051 LON 2011 |
| 100 |
_aLong, Martyn _eAuthor |
||
| 245 | 0 | 4 |
_aThe psychology of education / _cMartyn Long ... [et al.] |
| 250 | _a2nd ed. | ||
| 264 |
_aNew York: _bRoutledge, _c2011 |
||
| 300 |
_ax, 438p. : _bill. |
||
| 500 | _aPrev. ed. cataloged under Long, Martyn. | ||
| 504 | _aIncludes bibliographical references and index. | ||
| 650 | 0 | _aEducational psychology. | |
| 650 | 0 | _aTeaching. | |
| 700 | 1 |
_aWood, Clare _eAuthor |
|
| 700 | 1 |
_aLittleton, Karen _eAuthor |
|
| 700 | 1 |
_aPassenger, Terri _eAuthor |
|
| 700 | 1 |
_aSheehy, Kieron _eAuthor |
|
| 942 |
_2lcc _cBK _e2nd ed. _h1051 _iLON _kLB |
||